System, structure, and experience ; toward a scientific theory of mind.

Bibliographic Details
Main Author: Laszlo, Ervin, 1932-
Format: Book
Language:English
Published: New York : Gordon and Breach, [1969]
Series:Current topics of contemporary thought ; v. 1.
Subjects:

MARC

Tag First Indicator Second Indicator Subfields
LEADER 00000cam a2200000 4500
001 in00000076864
005 20151008054952.0
008 700430s1969 nyua b 00100 eng
010 |a  76092091  
035 |a (OCoLC)00068245 
035 |9 AAJ2188AM 
040 |a DLC  |c DLC  |d m.c.  |d TXA  |d UtOrBLW 
049 |a TXAM  |c [1502132] 
050 0 0 |a BF161  |b .L34 
082 0 |a 150/.1 
100 1 |a Laszlo, Ervin,  |d 1932- 
245 1 0 |a System, structure, and experience ;  |b toward a scientific theory of mind. 
264 1 |a New York :  |b Gordon and Breach,  |c [1969] 
264 4 |c [©1969] 
300 |a viii, 112 pages :  |b illustrations ;  |c 24 cm. 
336 |a text  |b txt  |2 rdacontent 
337 |a unmediated  |b n  |2 rdamedia 
338 |a volume  |b nc  |2 rdacarrier 
490 1 |a Current topics of contemporary thought,  |v v. 1 
504 |a Includes bibliographical references. 
650 0 |a Mind and body. 
650 0 |a Cognition. 
650 0 |a Information theory in psychology. 
650 0 |a System theory. 
830 0 |a Current topics of contemporary thought ;  |v v. 1. 
999 |a MARS 
999 f f |s 0d193457-ab31-37df-a342-b46e9000d51d  |i 4ee7131b-6070-341a-bd87-9e97fd1ab4b0  |t 0 
952 f f |p ric  |a Texas A&M University  |b Rellis Campus  |c Joint Library Facility  |d Remote Storage  |t 0  |e BF161 .L34  |h Library of Congress classification  |i unmediated -- volume  |m A14806086556 
998 f f |a BF161 .L34  |t 0  |l Remote Storage